|
|
|
|
| LEADER |
00000nab a2200000 a 4500 |
| 001 |
vtls010036644 |
| 003 |
SK-MaSNL |
| 005 |
20260304173002.0 |
| 008 |
250507c2010 xo fr|p|||||||000 b|slo |
| 015 |
|
|
|a SNBRB2010/01
|2 snkbucl
|
| 035 |
|
|
|a (uuid)b42c02a9-b588-4818-b545-85d6b4d0cb1b
|
| 035 |
|
|
|a urn:nbn:sk:snk-abacee
|
| 035 |
|
|
|a (urnnbn)urn:nbn:sk:snk:ar-a0ae1j
|
| 038 |
|
|
|a SNKBUCL
|
| 040 |
|
|
|a SNKBUCL
|b slo
|c SNKBUCL
|e AACR2
|
| 041 |
0 |
|
|a slo
|b eng
|b slo
|
| 044 |
|
|
|a xo
|c SK
|
| 080 |
|
|
|a 005:658.8.012.34:657.47:338.124.4
|x (100)
|2 2001
|
| 080 |
|
|
|a 658.8.012.34
|2 2001
|
| 080 |
|
|
|a 657.47
|2 2001
|
| 080 |
|
|
|a 338.124.4
|x (100)
|2 2001
|
| 100 |
1 |
|
|a Seňová, Andrea,
|d 1975-
|4 aut
|9 178487
|
| 245 |
1 |
0 |
|a Postavenie SCM v manažmente podniku v čase vplyvu hospodárskej a finančnej krízy
|c Andrea Seňová
|
| 246 |
3 |
1 |
|a The position of SCM in business management at the time of business depression and financial crisis
|
| 300 |
|
|
|b Sch.
|
| 504 |
|
|
|a Bibliogr. odkazy
|
| 546 |
|
|
|a Súbežný názov angl. ; res. angl., slov.
|
| 650 |
0 |
7 |
|a globálna hospodárska kríza
|2 snkbucl
|9 182596
|
| 650 |
0 |
7 |
|a manažment
|2 snkbucl
|9 922
|
| 650 |
0 |
7 |
|a logistika (manažment)
|2 snkbucl
|9 3620
|
| 650 |
0 |
7 |
|a náklady
|2 snkbucl
|9 2318
|
| 650 |
0 |
7 |
|a optimalizácia
|2 snkbucl
|9 22407
|
| 773 |
0 |
|
|t Ekonomika a manažment podniku = Economics and Business Management
|g Roč. 7, č. 1 (2009), s. 31-40
|x 1336-4103
|
| 850 |
|
|
|a Slovenská národná knižnica
|
| 852 |
|
|
|a Slovenská národná knižnica
|
| 954 |
|
|
|a odborná, vedecká literatúra pôvodná (slovenská)
|2 lita
|
| 958 |
|
|
|a article14
|
| 958 |
|
|
|a OND
|
| 958 |
|
|
|a NB
|
| 958 |
|
|
|a EUIPO
|
| 999 |
|
|
|c 3001027
|d 3002957
|